Normal view
MARC view
Entry Personal Name
001 - CONTROL NUMBER
- control field: 19367
003 - CONTROL NUMBER IDENTIFIER
- control field: OSt
005 - DATE AND TIME OF LATEST TRANSACTION
- control field: 20211105134409.0
008 - FIXED-LENGTH DATA ELEMENTS
- fixed length control field: 211105|| aca||aabn | a|a d
040 ## - CATALOGING SOURCE
- Original cataloging agency: OSt
- Transcribing agency: OSt
100 ## - HEADING--PERSONAL NAME
- Personal name: Barrow, John D., ed
670 ## - SOURCE DATA FOUND
- Source citation: Work cat.: (OSt): Texas/ European Southern Observatory/-Symposium Artificial Intelligence for Science, Industry Symposium on Relativistic Astrophysics, Cosmology and Fundamental Physics Brighton 1991 Dec. 16-21 19366, Relativistic Astrophysics, cosmology and fundamental Physics, 1991